00805nam a2200229 i 4500001001000000003000900010005001700019007000300036008004100039020001800080040003000098082000700128100004700135245012100182264006000303300004500363336002700408337003300435338002800468490004000496504003900536000039279DO-SdBNP20240906153118.0ta130621s2012 dr a 000 0 spa d a9789945074734 aDO-SdBNPbspacBNPHUerda 42221 aSención Villalona, Augusto,eautor4aut.13aLa dictadura de Trujillo (1930-1961) /bAugusto Sención Villalona ; ilustración, José Mercader, Alfredo Burgos aSanto Domingo :bArchivo General de la Nación,c2012. a177 páginas :bilustraciones ;c29 cm. atextobtxt2rdacontent asin mediaciónbn2rdamedia avolumenbnc2rdacarrier aArchivo General de la Naciónv183 aBibliografía : páginas 166-167